000 00410nam a2200169Ia 4500
005 20250430044316.0
008 240331s9999 xx 000 0 und d
020 _a9559586009
082 _bRAT
_a891
100 _aRatnayake,S.N
245 0 _aThama waradasa nodisne
250 _a2nd
260 _aColombo
_bSujeewa Niranjani Rathanayake
_c1996
300 _a153 p .,
650 _aShort Stories
942 _cL
999 _c4912
_d4912